Cestovný poriadok autobusových tratí kraja Bratislava zima 1956-7, platí od 30. sept. 1956

Bibliographic Details
Format: Book
Language:Slovak
PhysicalDescription:20+112 s., [1] mp. príl. 8°
Published: Bratislava ČSAD 1956
Subjects:

MARC

LEADER 00000nam a2200000 a 4500
001 vtls008311596
003 SK-MaSNL
005 20260425233351.0
008 181127s1956 xo 000 slo
015 |a SKSNBA1957/02-00236 
035 |a SK01SNK19570003813 
035 |a SKM000006276 
040 |a SNK  |b slo  |c SNK  |e AACR2 
041 1 |a slo 
044 |a xo  |c SK 
080 |a 656.132.5  |2 1981 
245 1 0 |a Cestovný poriadok autobusových tratí kraja Bratislava  |b zima 1956-7, platí od 30. sept. 1956 
260 |a Bratislava  |b ČSAD  |c 1956  |e Brno  |f ZMT 04 
300 |a 20+112 s., [1] mp. príl.  |c 8° 
500 |a Vysvetl. značiek a skratiek. Zoznam tratí a staníc 
650 0 7 |a autobusové cestovné poriadky  |2 SNK  |9 64829 
650 0 7 |a doprava autobusová  |x poriadky cestovné  |2 SNK  |9 307522 
651 7 |a Bratislava (Slovensko)  |2 SNK  |9 14568 
655 7 |a knihy  |2 SNKPH  |9 307098 
655 7 |a cestovné a letové poriadky  |2 SNKPH  |9 62742 
852 |a Slovenská národná knižnica v Martine  |b 10000  |h SD 12595 
919 |a brož. 
958 |a OND 
958 |a TL 
958 |a RK 
999 |c 763839  |d 765769 
952 |a SNK  |b SNK  |y PREZ  |7 0  |p 17A0568900  |o snkSD 12595  |i snkKSP 364/57  |0 0  |1 0  |4 0  |d 2007-12-03  |l 0  |r 2025-11-26 00:00:00  |w 2026-02-24